| 000 | 00856nam0a22002531 4500 | ||
|---|---|---|---|
| 001 | rc\704091 | ||
| 005 | 20031121170619.5 | ||
| 035 | _a(NLR Aleph) 005939680 | ||
| 090 |
_a6665574 _c6665574 |
||
| 100 | _a20031121d1985 u |0rusy50 ca | ||
| 101 | 0 | _arus | |
| 102 | _aRU | ||
| 105 | _aa ||||||||| | ||
| 200 | 1 |
_aТеория и технология сварочного производства _eУчеб. пособие для веч. отд-ния |
|
| 210 |
_aЛ. _cЛМИ _d1985 |
||
| 215 |
_a70 с. _cил. _d20 |
||
| 300 | _aВ надзаг.: Ленингр. мех. ин-т им. Д.Ф. Устинова | ||
| 320 | _aБиблиогр.: с. 67 (15 назв.) | ||
| 700 | 1 |
_aШаханов _bС. Б. _gСергей Борисович |
|
| 801 | 0 |
_aRU _bNLR _gpsbo |
|
| 801 | 1 |
_aRU _bELAR _2rusmarc |
|
| 852 |
_aNLR _j86-4/3151 |
||
| 942 | _cBOOK | ||
| 980 | _aNB | ||